| 000 | 00482nam a22001937a 4500 | ||
|---|---|---|---|
| 005 | 20250709162244.0 | ||
| 008 | 250709b |||||||| |||| 00| 0 eng d | ||
| 022 | _a978-1-4737-2533-1 | ||
| 050 | _aHB 171 .M36 2017 | ||
| 100 | _aMANKIW, N. GREGORY | ||
| 245 | _aECONOMICS | ||
| 250 | _a4 | ||
| 260 |
_aUNITED KINGDOM _bCENGAGE LEARNING EMEA |
||
| 300 | _aXI, 801P.:ILL | ||
| 500 | _aINCLUDES INDEX | ||
| 650 | _aECONOMICS | ||
| 700 | _aTAYLOR, MARK P. | ||
| 942 |
_2lcc _cBK |
||
| 999 |
_c215873 _d215873 |
||